| 000 | 00535nam a2200217Ia 4500 | ||
|---|---|---|---|
| 008 | 180523s9999 xx 000 0 und d | ||
| 020 | _a81-7245-308-6 | ||
| 050 | _aMAIN RC 266.5 | ||
| 050 | _b.B43 200-? | ||
| 100 | _aBhardwaj, Ashwani. | ||
| 245 | 0 | _aCancer : | |
| 245 | 0 | _bcauses, prevention and care / | |
| 245 | 0 | _cAshwani Bharwaj. | |
| 260 | _aNew Delhi : | ||
| 260 | _bGoodwill Publishing, | ||
| 260 | _c200-? | ||
| 300 | _a307 pages : | ||
| 300 | _bsome illustrations ; | ||
| 300 | _c21 cm. | ||
| 650 | _aCancer. | ||
| 999 |
_c357631 _d357631 |
||